| 000 | 00434nam a2200133Ia 4500 | ||
|---|---|---|---|
| 008 | 200902s9999 xx 000 0 und d | ||
| 020 | _a978-1-285-19394-6 | ||
| 100 | _aPride, William M. | ||
| 245 |
_cWilliam M. Pride, Robert J. Hughes, Jack R. Kapoor.-- _aFoundations of Business / |
||
| 250 | _a4th ed. | ||
| 260 |
_aUSA : _bCengage Learning _c2015 |
||
| 300 |
_axv , 494 pages : _bcolor illustrations ; _c28 cm. |
||
| 650 | _aBusiness | ||
| 999 |
_c363952 _d363952 |
||